000 00409nam a2200169Ia 4500
008 230711s9999||||xx |||||||||||||| ||und||
020 _a978-0-521-13847-5
041 _aENG
082 _a621.366
_bSI-L
100 _aSilfvast,William T
245 0 _aLaser Fundamentals
250 _a2nd Ed.
260 _c2016
_aNew Delhi
_bCambridge University Press
300 _a642p.
650 _aPhysics
942 _cBK
999 _c6771
_d6771